Vocabulario culto / (Record no. 111203)

MARC details
000 -LEADER
campo de control de longitud fija 00551nam a2200193 4500
001 - NÚMERO DE CONTROL
campo de control 111203
003 - IDENTIFICADOR DE NÚMERO DE CONTROL
campo de control ES-MaACL
007 - CAMPO FIJO DE DESCRIPCIÓN FÍSICA--INFORMACIÓN GENERAL
campo de control de longitud fija t|
008 - DATOS DE LONGITUD FIJA--INFORMACIÓN GENERAL
campo de control de longitud fija 061121s1984 sp r ||||1| spa d
100 1# - ENTRADA PRINCIPAL--NOMBRE DE PERSONA
Nombre de persona Neggers, Gladys Crescioni de.
9 (RLIN) 85287
245 10 - MENCIÓN DEL TÍTULO
Título Vocabulario culto /
Mención de responsabilidad, etc. Gladys Crescioni de Neggers.
250 ## - MENCION DE EDICION
Mención de edición 1ª ed.
260 ## - PUBLICACIÓN, DISTRIBUCIÓN, ETC.
Lugar de publicación, distribución, etc. Madrid :
Nombre del editor, distribuidor, etc. Playor,
Fecha de publicación, distribución, etc. 1984.
300 ## - DESCRIPCIÓN FÍSICA
Extensión 168 p. ;
Dimensiones 24 cm.
490 1# - MENCIÓN DE SERIE
Mención de serie Domine su lenguaje ;
Designación de volumen o secuencia 2
830 0# - PUNTO DE ACCESO ADICIONAL DE SERIE-TÍTULO UNIFORME
Título uniforme Domine su lenguaje ;
Designación de volumen o secuencia 2
9 (RLIN) 185674
852 ## - LOCALIZACIÓN
Ubicación ES-MaACL
Número de control de estantería L-8807
Sublocalización o colección R.108782
Holdings
Estatus retirado Estado de pérdida Estado de daño No para préstamo Biblioteca de origen Biblioteca actual Ubicación en estantería Fecha de adquisición Fuente de adquisición Total de préstamos Signatura topográfica completa Código de barras Visto por última vez Precio de reemplazo Tipo de ítem Koha
        Biblioteca del Ateneo de Madrid Biblioteca del Ateneo de Madrid Depósito 2 17/01/2008     L-8807 1116020 23/02/2023 23/02/2023 Libro impreso